Herramienta informática de business intelligence para el departamento de ventas en la empresa molinos de Nicaragua S.A. MONISA

Presenta un business intelligence que surge como una necesidad de transformar los datos del entorno operativo en información consistente y acertada, otorgando la capacidad para tomar decisiones de negocio precisas y oportunas con la ayuda de herramienta y procesos especializados.

Bibliographic Details
Main Author: Lacayo Molina, Edilberto Odón
Other Authors: Tutor: Lizano Silva, Grevin
Format: Tesis Section = Libro
Language:Undetermined
Spanish
Published: Managua UNI 2018
Subjects:
LEADER 01131nam a2200265Ia 4500
008 240830s9999 xx 000 0 und d
040 |a BIBLIOTECA-RUSB/ Mon 005.758 L129 
041 |a spa 
082 |a Mon 005.758 L129 
100 1 |a Lacayo Molina, Edilberto Odón 
245 1 0 |a Herramienta informática de business intelligence para el departamento de ventas en la empresa molinos de Nicaragua S.A. MONISA 
260 |a Managua  |b UNI  |c 2018 
300 |a 87 p. :il. 
500 |a Contiene: anexos y CD. 
502 |a Tesis (Ingeniero en Computación) - UNI, 2018. 
520 3 |a Presenta un business intelligence que surge como una necesidad de transformar los datos del entorno operativo en información consistente y acertada, otorgando la capacidad para tomar decisiones de negocio precisas y oportunas con la ayuda de herramienta y procesos especializados. 
650 7 |a BASES DE DATOS 
650 7 |b  INTELIGENCIA DE NEGOCIOS 
650 7 |c  HERRAMIENTA INFORMATICA 
650 7 |d  SOFTWARE DATA WAREHOUSE 
650 7 |e  VENTAS 
700 1 |a Tutor:  |b Lizano Silva, Grevin 
942 |c BK  |2 ddc 
991 |a TESIS 
999 |c 19845